| 000 | 00688cam a2200241 4500 | ||
|---|---|---|---|
| 008 | 090401t1993 xxu||||| |||| 00| 0 eng d | ||
| 020 | _a1873936214 | ||
| 035 | _a(Sirsi) u30927 | ||
| 041 | _aeng | ||
| 050 | _a729.28094 | ||
| 110 |
_aCommission of the European Communities _91563 |
||
| 245 | _aDaylighting in architecture : a European reference book. | ||
| 260 |
_aLondon _bJames & James _c1993 |
||
| 300 | _aca.200p. : ill. ; 30cm. | ||
| 350 | _a60 | ||
| 650 | _aDAYLIGHT | ||
| 650 | _aLIGHT | ||
| 650 | _aLIGHTING | ||
| 690 | _aBUILT ENVIRONMENT-CONSTRUCTION DESIGN | ||
| 700 |
_aBaker, N. ; Fanchiotti, A. & Steemers, K., _xEditor |
||
| 942 | _n0 | ||
| 948 | _c04/03/1997 | ||
| 999 |
_c89529 _d89529 |
||